Lízing dúfa, že sa odrazí od dna pozitívny rast ekonomiky Slovenska by mohol zastaviť pokles financovania

Podnikateľská sféra a zníženie dopytu po získavaní prostriedkov na financovanie investičných potrieb. Objem obchodov a dopady na ekonomiku Slovenska. Produkty ponúkané členmi Asociácie leasingových spoločností SR (ALS). Medziročný pokles objemu investícií na Slovensku a v EÚ. Situácia lízingových sp...

Descrizione completa

Salvato in:
Dettagli Bibliografici
Autore principale: Ješko, Vladimír
Natura: Capitolo di libro
Lingua:slovacco
Soggetti:
Tags: Aggiungi Tag
Nessun Tag, puoi essere il primo ad aggiungerne!!

MARC

LEADER 00000naa$a2200000$$$4500
001 0112921
005 20220725111443.7
041 0 |a slo 
044 |a SK 
245 1 0 |a Lízing dúfa, že sa odrazí od dna  |b pozitívny rast ekonomiky Slovenska by mohol zastaviť pokles financovania  |c Vladimír Ješko 
520 |a Podnikateľská sféra a zníženie dopytu po získavaní prostriedkov na financovanie investičných potrieb. Objem obchodov a dopady na ekonomiku Slovenska. Produkty ponúkané členmi Asociácie leasingových spoločností SR (ALS). Medziročný pokles objemu investícií na Slovensku a v EÚ. Situácia lízingových spoločností. Nárast insolventnosti, platobná neschopnosť klientov. 
610 2 0 |a Slovensko 
610 2 0 |a spoločnosti lízingové 
610 2 0 |a kríza hospodárska 
610 2 0 |a investície 
610 2 0 |a lízing 
610 2 0 |a dodávky zmluvné 
610 2 0 |a klienti 
610 2 0 |a insolventnosť 
100 1 |a Ješko, Vladimír